| 000 | 00781nam a22002297a 4500 | ||
|---|---|---|---|
| 003 | 0 | ||
| 005 | 20250331103624.0 | ||
| 008 | 250331b xxu||||| |||| 00| 0 eng d | ||
| 020 | _a978-1-265-05747-3 | ||
| 050 |
_aHF 5601 _b.Sp754 2023 |
||
| 100 | _aSpiceland, David J. | ||
| 245 |
_aIntermediate Accounting. _cDavid J. Spiceland and three others. |
||
| 260 |
_aNew York City _bMcGraw Hill LLC _c2023 |
||
| 300 |
_axxxiii, 1286 pages: _bColored illustration and pictures; _c27.5cm. |
||
| 504 | _aIncludes bibliographical references , index and appendices. | ||
| 650 | _aAccounting--Financial Accounting. | ||
| 650 | _aIntermediate Accounting--Accounting. | ||
| 700 | _aNelson, Mark W. | ||
| 700 | _aThomas, Wayne B. | ||
| 700 | _aWinchel, Jennifer. | ||
| 942 |
_2lcc _cBK |
||
| 999 |
_c367353 _d367353 |
||